| 000 | 00718nam a2200289Ia 4500 | ||
|---|---|---|---|
| 008 | 160620s9999||||xx |||||||||||||| ||und|| | ||
| 040 | _cEnglish | ||
| 082 | _aXI.A/Hardas | ||
| 082 | _bBORI-63937 | ||
| 100 | _aBalshastri Hardas | ||
| 245 | _aWhat I Saw In Bihar | ||
| 260 | _aNagpur | ||
| 260 | _bRashtradharma Prasarak Granthmala | ||
| 300 | _aVi+135 | ||
| 300 | _cA | ||
| 300 | _ePaperback | ||
| 530 | _bGarde | ||
| 530 | _u00063937.pdf | ||
| 563 | _aStudy | ||
| 600 | _aBalshastri Hardas | ||
| 630 | _aWhat I Saw In Bihar | ||
| 650 | _a"Politics ,History + Histography" | ||
| 650 | _aGeneral Indology | ||
| 700 | _aBalshastri Hardas | ||
| 730 | _aWhat I Saw In Bihar | ||
| 942 | _cBOOK | ||
| 999 |
_c1391293 _d1391290 |
||